00734nam a2200205 a 450000100100000000500170001000800410002702000150006804000250008324501400010826000360024830000360028449000460032050000210036650400190038770000230040670000270042970000260045683000460048200003649020200930075748.0120118s1985 xxu 000 0 spa d a0881671304 aDO-SdBNPbspacBNPHU00aThe role of chemicals and radiation in the etiology of cancer /cscientific editor, Eliezer Huberman ; technical editor, Susan H. Barr. aNew York :bRaven Press,c1985. a538 p. :bil., retrs. ;c25 cm.1 aCarcinogenesis-a comprehensive surveyv10 aIncluye índice aBibliografía12aHuberman, Eliezer.12aBarr, Susan H.,d1935-12aHeidelberger, Charles 0aCarcinogenesis-a comprehensive surveyv10